000 01294cab a2200337 4500
001 WB2845-43
008 090401t1992 xxu||||| |||| 00| 0 eng d
035 _a(Sirsi) u63609
041 _aeng
245 _aBritish Coal`s permitted development rights
260 _c1992
350 _a0
490 _aDoE News Release
_v16 November 1992 (10)
520 _aThe Town and Country Planning General Development (Amendment) (No 6) Order 1992 came into force 13 November 1992. It makes changes to the permitted development rights for underground working at coal mines and for minerals exploration as well as revoking British Coal`s permitted development rights for opencast coal prospecting.
650 _aBRITISH COAL
650 _aCOAL MINING
650 _aMINERALS PLANNING
650 _aOPENCAST MINING
650 _aPERMITTED DEVELOPMENT RIGHTS
650 _aPLANNING CONTROL
650 _aSEAM PLANS
650 _aSI 1992:2450
650 _aSURFACE FEATURE PLAN
650 _aTOWN AND COUNTRY PLANNING GENERAL DEVELOPMENT (AMENDMENT) (NO 6) ORDER
650 _aTOWN AND COUNTRY PLANNING GENERAL DEVELOPMENT ORDER 1988
650 _aUNDERGROUND WORKING
690 _aMINING AND MINERALS
690 _aPLANNING LAW AND PRACTICE
942 _n0
948 _c04/03/1997
999 _c39546
_d39546